00348nam a2200109Ia 4500008004100000082000800041100001300049245006000062942000600122952009500128999001500223240331s9999 xx 000 0 und d bPIN aPines, A 0aExperiencing social psychology :breadings and projects cL 001040708LaWERCLbWERCLcSSCd2024-03-31l0o 302 PINp3715r2024-03-31w2024-03-31yL c1324d1324